00595nam a22001817a 450000500170000001000150001702000260003203500140005803700090007208200080008110000180008924500650010725000170017226000580018927001270024730000190037470000200039320220203143712.0 aENG-131382 a9789354493065c850.00 aEN-114914 bDBAD a000 aThorpe, Edgar aGeneral Knowledge Manual 2022/cEdgar Thorpe, Showick Thorpe a20th Edition aUttar PradeshbPearson India Education Servicesc2022 a15th Flooor, Tower-B, World Trade Tower, Plot No. 1, Block-C, Sector-16bNoidae201301mcompanysecretary.india@pearson.com avp.c25cm(pbk) aThorpe, Showick